000 00809cam a22002773a 4500
001 8664
003 PGUSA
005 20140828083203.0
008 050801s2005||||xxu|||||s|||||000 1 eng d
040 _aPGUSA
_beng
042 _adc
050 4 _aPS
100 1 _aGlaspell, Susan,
_d1876-1948
245 1 4 _aThe Glory of the Conquered :
_bThe Story of a Great Love
_h[electronic resource] /
_cSusan Glaspell
260 _bProject Gutenberg,
_c2005
506 _aPublic domain in the USA.
516 _aElectronic text
653 _aLove stories
653 _aArtists -- Fiction
653 _aChicago (Ill.) -- Fiction
653 _aScientists -- Fiction
653 _aMarried people -- Fiction
830 0 _aProject Gutenberg
_v8664
856 4 0 _uhttp://www.gutenberg.org/ebooks/8664
942 _cEB
999 _c237964
_d237964